000 00312nam a22001457a 4500
008 210511b ||||| |||| 00| 0 eng d
020 _a9780789312099
041 _aeng
080 _a7
082 _a7
100 _a44
101 _aART
245 _aISMS Understanding Art
_cStephen Little
942 _2udc
_cBK
999 _c57267
_d57267